000
00241nam a2200109Ia 4500
008
220204s9999 xx 000 0 und d
082
_a
82-3
_b
CAR
100
_a
Nick
245
0
_a
Ice bomb zero
260
_a
London
_b
Tandem
_c
1979
942
_c
BK
999
_c
31073
_d
31073